| 000 | 00483nam a2200145 4500 | ||
|---|---|---|---|
| 999 |
_c10887 _d10887 |
||
| 008 | 180925b ||||| |||| 00| 0 eng d | ||
| 022 | _a2094-8042 | ||
| 082 | _aDPer 370.105 M72 Jan-Dec 2011 v. 59-60 | ||
| 100 |
_931667 _aCastillo, Gelly A. |
||
| 245 |
_aViolence on children/ _cGelly A. Castillo. |
||
| 260 |
_aPhilippines: _bIn the Grade School, Inc., _cc2011. |
||
| 300 |
_av60 n5, page 195: _billustrations; _c27cm. |
||
| 650 | 0 |
_931669 _aViolence _xChildren. |
|
| 942 |
_2ddc _cPER |
||